奈良県の戦前市制・町制 - Statistics

General Stats
  • This quiz has been taken 99 times
  • The average score is 21 of 31
Answer Stats
施行日 施行内容 所属郡 回答 % Correct
1898.02.01 市制 (市) 奈良市
98%
1889.04.01 町制 葛下郡 高田町
94%
1889.04.01 町制 添上郡 奈良町
92%
1889.04.01 町制 添下郡 郡山町
92%
1928.04.29 町制 吉野郡 吉野町
92%
1889.04.01 町制 宇智郡 五條町
90%
1890.04.01 町制 吉野郡 下市町
90%
1921.02.11 町制 生駒郡 生駒町
90%
1926.02.11 町制 北葛城郡 王寺町
88%
1890.11.18 町制 十市郡 桜井町
87%
1889.04.01 町制 十市郡 田原本町
81%
1889.04.01 町制 葛上郡 御所町
81%
1893.09.26 町制 山辺郡 丹波市町
81%
1893.09.29 町制 宇陀郡 榛原町
77%
1928.02.11 町制 高市郡 畝傍町
77%
1889.04.01 町制 吉野郡 上市町
75%
1891.06.03 町制 高市郡 高取町
75%
1889.04.01 町制 高市郡 八木町
71%
1923.08.31 町制 北葛城郡 新庄町
69%
1894.09.07 町制 添上郡 櫟本町
67%
1921.02.11 町制 吉野郡 大淀町
62%
1889.04.01 町制 宇陀郡 松山町
52%
1891.01.07 町制 式上郡 三輪町
52%
1935.04.29 町制 宇陀郡 宇太町
48%
1923.01.01 町制 磯城郡 柳本町
42%
1928.11.03 町制 宇智郡 野原町
42%
1889.04.01 町制 高市郡 今井町
38%
1891.03.10 町制 式上郡 初瀬町
33%
1891.04.02 町制 平群郡 龍田町
33%
1927.11.03 町制 添上郡 帯解町
33%
1927.04.29 町制 北葛城郡 箸尾町
31%
No matching quizzes found
Score Distribution
Percent of People with Each Score
Percentile by Number Answered
Your Score History
You have not taken this quiz